Europäische Länderflaggen vor 100 Jahren - Statistiken

Allgemein
  • Dieses Quiz wurde 42 mal gespielt
  • Das Durchschnittsergebnis liegt bei 29 aus 33
Antwortstatistiken
Bildquiz Antwort % Korrekt
Österreich/ Republik Österreich
100%
Belgien
97%
Polen/ Zweite Polnische Republik
97%
Portugal
97%
Schweden
97%
Albanien
94%
Niederlande
94%
Schweiz
94%
Spanien
94%
Frankreich
91%
Irischer Freistaat/ Irish Free State
91%
Italien/ Königreich Italien
91%
Lettland
91%
Liechtenstein
91%
Luxemburg
91%
Norwegen
91%
Rumänien /Königreich Rumänien
91%
San Marino
91%
Sowjetunion
91%
Tschechoslowakei/ Tschechien
91%
Ungarn/ Königreich Ungarn
91%
Dänemark
89%
Estland
89%
Finnland
89%
Island
89%
Litauen
86%
Monaco
86%
Bulgarien
83%
Deutsches Reich/ Weimarer Republik
83%
Andorra
69%
Jugoslawien
69%
Griechenland/ Zweite Hellenische Republik
57%
Vereinigtes Königreich Großbritannien und Nordirland
31%
Keine übereinstimmenden Quizze gefunden
Verteilung der Resultate
Anzahl Personen mit jedem Resultat
Perzentil nach korrekt beantworteten Fragen
Ihre Resultats-Entwicklung
Sie haben dieses Quiz noch nicht gespielt